书目信息 |
| 题名: |
古昔追踪
|
|
| 作者: | 乌姆兰德 著 ;李宗渠 译 | |
| 分册: | ||
| 出版信息: | 南京 江苏科学技术出版社 1983 |
|
| 页数: | 160页 | |
| 开本: | 19cm | |
| 丛书名: | ||
| 单 册: | ||
| 中图分类: | K731.2 | |
| 科图分类: | ||
| 主题词: | 玛雅文化 | |
| 电子资源: | ||
| ISBN: | ||
| 000 | 00713nam0 2200253 45 | |
| 001 | 0183004240 | |
| 005 | 20040510163524.1 | |
| 010 | @dCNY0.50 | |
| 091 | @a10196.029 | |
| 100 | @a19950721d1983 em y0chiy0121 ea | |
| 101 | 1 | @achi@ceng |
| 102 | @aCN@b320000 | |
| 105 | @af z 000yy | |
| 106 | @ar | |
| 200 | 10 | @a古昔追踪@Agu xi zhui zong@e玛雅文明消失之谜@f(美)埃里克·乌姆兰德等著@g李宗渠译 |
| 210 | @a南京@c江苏科学技术出版社@d1983 | |
| 215 | @a160页@c图@d19cm | |
| 606 | @a玛雅文化 | |
| 690 | @aK731.2@v3 | |
| 701 | 1 | @a乌姆兰德@Awu mu lan de@b埃里克@4著 |
| 702 | 0 | @a李宗渠@Ali zong qu@4译 |
| 801 | 0 | @aCN@b上海图书馆@c20040510 |
| 801 | 2 | @aCN@bNLC@c20040510 |
| 905 | @f2@b168814-815@dK731.2@e4 | |
| 古昔追踪:玛雅文明消失之谜/(美)埃里克·乌姆兰德等著/李宗渠译.-南京:江苏科学技术出版社,1983 |
| 160页:图;19cm |
| ISBN :CNY0.50 |
| ● |
| 相关链接 |
|
|
|
|
正题名:古昔追踪
索取号:K731.2/4
 
预约/预借
| 序号 | 登录号 | 条形码 | 馆藏地/架位号 | 状态 | 备注 |
| 1 | 0168814 | 001413731 | 密集书库/ [索取号:K731.2/4] | 在馆 | |
| 2 | 0168815 | 001413722 | 密集书库/ [索取号:K731.2/4] | 在馆 | |
| 3 | 0168816 | 001413740 | 第二样本阅览室/ [索取号:K731.2/4] | 在馆 |